A graphical design procedure for liquid to liquid heat transfer through metal tubes /
Guardado en:
| Autor Corporativo: | |
|---|---|
| Otros Autores: | |
| Formato: | Libro |
| Idioma: | English |
| Publicado: |
New York :
Revere Copper and Brass incorporated,
1949.
|
| Materias: | |
| Etiquetas: |
Agregar Etiqueta
Sin Etiquetas, Sea el primero en etiquetar este registro!
|
| LEADER | 01001nam a22002415a 4500 | ||
|---|---|---|---|
| 001 | EIQ.libpla001686 | ||
| 008 | 061204s1949####nyua##########000#0#eng#d | ||
| 005 | 20061211152323.0 | ||
| 245 | 1 | 2 | |a A graphical design procedure for liquid to liquid heat transfer through metal tubes / |c Prepared for Revere Copper and Brass incorporated by F. W. Hutchinson. |
| 260 | |a New York : |b Revere Copper and Brass incorporated, |c 1949. | ||
| 300 | |a xvii, 92 p. : |b diagrs. ; |c 28 cm. | ||
| 700 | 1 | |a Hutchinson, F.W. |q (Francis William), |d 1910- | |
| 650 | 4 | |a Procesos |x Intercambiadores de calor. | |
| 650 | 4 | |a Procesos |x Transferencia de calor. | |
| 650 | 4 | |a Calor |x Transferencia. | |
| 650 | 4 | |a Procesos |x Calefacción radiante. | |
| 650 | 4 | |a Processes |x Radiant heating. | |
| 650 | 4 | |a Processes |x Heat exchangers. | |
| 650 | 4 | |a Heat |x Transfer. | |
| 650 | 4 | |a Processes |x Heat transfer. | |
| 040 | |a AR-BbSID |b spa |c AR-BbSID | ||
| 110 | 2 | |a Revere Copper and Brass incorporated. | |
| 859 | |a AR-BbSID |b BIB. PLAPIQUI |h 536.2 |i R 27 |k R |p 1023 | ||
